000 00481nam a2200157 i 4500
001 142612
003 ES-MaACL
005 20230906200555.0
007 t|
008 071009s1950 sp ||||1| spa d
100 1 _aViada y López-Puigcerver, Carlos.
_9114256
245 1 0 _aLecciones de derecho procesal penal /
_cCarlos Viada y López-Puigcerver.
260 _aMadrid :
_b[s.n.],
_c1950 (
_fImp. Alpe)
300 _aXIV, 593 p. ;
_c26 cm.
852 _aES-MaACL
_jD-7143
_bR.31873
999 _c142612
_d142612